LEADER 00975nam a2200241 i 4500 001 000000256468 003 CaOOAMICUS 005 20171128000000.0 008 171128s1843 it u000 u ita u 013 $a235376 040 $aSeMil$bita 100 1 $aFiladelfo.$0(OLS)http://semarc/name/75906 245 10$aRitonomia ecclesiastica :$bla scienza dei sacri riti /$cdiscussa canonicamente e decisa moralmente dal sacerdote Filadelfo. 260 $aLucca :$bTip. Baroni,$c1843. 300 $aXXVIII, 558 p. ;$c19 cm. 500 $aLascito Card. C.M. Martini. 650 4$aLiturgia - Riti.$0(OLS)http://semarc/subject/2831 850 $aSeMil 852 $aSeMil$W1$xVenegono$y1$m2L I 34 FA$j206814$B206814$CSeMilBibl$Z2$F220218 $8I 941 1 $a4 961 $aLascito: Martini Card. Carlo Maria 996 $6245$aRitonomia ecclesiastica :$bla scienza dei sacri riti$9(OLS)http://semarc/title/307188 996 $6260$aLucca :$bTip. Baroni$9(OLS)http://semarc/publisher/40737 LEADER 00894nam a2200241 i 4500 001 000000042055 003 CaOOAMICUS 005 20181022111146.0 008 090518s1904 it u000 u ita u 013 $a13225 040 $aSeMil$bita 100 1 $aMacinai, Ludovico,$c.$0(OLS)http://semarc/name/90070 245 12$aL'ultima causa dal mondo a Dio /$cLudovico Macinai. 260 $aRoma :$bDesclée,$c1904. 300 $a62 p. ;$c20 cm. 490 0 $aApologetica [Desclée] 650 4$aApologetica.$0(OLS)http://semarc/subject/703 830 0$aApologetica.$0(OLS)http://semarc/title/97605 850 $aSeMil 852 $aSeMil$W1$xVenegono$y1$m2A II 46$j8210$B8210$CSeMilBibl$Z2$F8210 $81 996 $6245$aL'ultima causa dal mondo a Dio$9(OLS)http://semarc/title/61195 996 $6260$aRoma :$bDesclée$9(OLS)http://semarc/publisher/30863